000 00761nam a2200241Ia 4500
003 OSt
005 20221005133654.0
006 a|||||r|||| 00| 0
007 ta
008 221004b |||||||| |||| 00| 0 hin d
024 _a24083
037 _cTextual
040 _aCRL
_cCRL
_bhin
041 _2hin
_ahin
082 _aO152,3:g(Y15-4), N7
100 _aअग्रवाल, रोहिणी
245 0 _aहिन्दी उपन्यासों में कामकाजी महिला
246 _aHindī upanyāsoan mean kāmakājī mahilā
260 _c1997
300 _a280पृ0
_ccm.
942 _hO152,3:g(Y15-4), N7
_cTEXL
_2cc
999 _c1067497
_d1067497